La consommation d'alcool en Europe - Statistiques

Statistiques générales
  • Ce quiz a été pris 82 fois
  • Le résultat moyen est 8 sur 41
Statistiques - réponses
Rang Litres Réponse Indice supplémentaire % Correct
6 11.24 France Cognac
85%
7 11.20 Irlande Guinness
61%
10 10.81 Allemagne Schnaps
54%
21 9.75 Andorre Andorrana
42%
28 8.34 Pays-Bas Amstel
36%
1 12.93 Tchéquie Becherovka
33%
12 10.62 Pologne Wyborowa
29%
13 10.43 Espagne Cava
26%
36 6.10 Grèce Ouzo
24%
30 7.81 Italie Grappa
24%
19 10.01 Royaume-Uni Pimm's
21%
14 10.37 Portugal Poncha
19%
16 10.14 Roumanie Tuică
18%
15 10.16 Slovaquie Slivovica
18%
3 11.80 Autriche Stiegl Bier
17%
24 9.42 Belgique Peket
15%
17 10.10 Croatie Karlovačko
15%
25 9.31 Danemark Aquavit
15%
2 12.60 Lettonie Baume noir
14%
18 10.09 Biélorussie Kvass
13%
27 8.37 Finlande Salmiakkikossu
13%
11 10.79 Hongrie Pálinka
13%
7 11.20 Estonie Vana
11%
31 7.72 Islande Reyka
11%
23 9.51 Suisse Williamine
11%
39 4.99 Bosnie-Herzégovine Rakija
10%
4 11.49 Lituanie Gira
10%
32 7.69 Russie Sbitegne
10%
34 7.35 Serbie Rakia
10%
35 7.20 Suède Aquavit
10%
40 4.70 Albanie Raki
8%
5 11.42 Bulgarie Slivova rakiya
8%
41 3.80 Macédoine Rakia
8%
26 9.29 Monténégro Rakija
8%
37 6.02 Norvège Glogg
8%
9 10.94 Luxembourg Cassero
7%
29 7.87 Malte Bajtra
7%
20 9.99 Slovénie Teran
7%
38 5.15 Ukraine Horilka
7%
22 9.59 Chypre Zivania
6%
33 7.45 Moldavie Rachiu
6%
Aucun quiz correspondant
Distribution des résultats
% des personnes avec chaque résultat
Percentile par nombre de réponses
Votre historique - résultats
Vous n’avez pas pris ce quiz